1940 1599 1252 1588 1983 1537 1063 1930 1374 1593 1745 1108 1319 1450 1629 1487 1103 1952 1631 1837 1779 1440 1265 1863 1621 1423 1888 1744 1763 1926 1025 1961 1498 1484 1451 1743 1695 1073 1554 1600 1391 1540 1555 1487 1477 1711 1825 1631 1583 1453 1436 1264 1380 1091 1274 1108 1714 1945 1931 1588 1844 1910 1969 1993 1656 1585 1642 1222 1187 1956 1004 1126 1711 1987 1503 1048 1873 1015 1499 1392 1453 1246 1827 1117 1782 1475 1136 1504 1673 1489 1065 1522 1496 1779 1546 1149 1149 1094 1865 BCNSPRNW ULIB Ver.6.0+V

เปลี่ยนเป็นภาษาไทย

Change to English
 แสดงรายละเอียดบรรณานุกรม
  กลับหน้าหลัก

Brief Record : Get Marc (ISO 2709) : E-mail record : QR code < ปิดหน้าต่าง
LEADER : 00000nam 2200000uu 4500
001    13399112283
003     ULIB
008    110802s2543||||th 000 0 tha d
020    9743460446
050  4 HD66^bส761ท 2543
100 0  สุชาติ ทวีพรปฐมกุล
245 10 เทคนิคและทักษะเกมมูลฐาน /^cสุชาติ ทวีพรปฐมกุล
260    กรุงเทพฯ :^bจุฬาลงกรณ์มหาวิทยาลัย,^c2543
300    159 หน้า :^bภาพประกอบ
504    บรรณานุกรม: หน้า 153-159
650  4 เกม
945    ^p85^l0^i026713
995    ทศพร
999 ^a ทศพร
รายการนี้ยังไม่มีแท็ก
คุณยังไม่ได้ล็อกอิน คุณสามารถมีกิจกรรมร่วมกับเว็บไซต์ได้ แต่ต้องล็อกอินก่อน ::
  ล็อกอิน

รายการสื่อสารสนเทศ

ลำดับที่ ประเภท เลขเรียก/บาร์โค้ด สถานที่ สถานะ
- ไม่พบข้อมูล -

รายการใกล้เคียง
    หัวเรื่อง [เกม]

BibComment


ยังไม่เคยถูกคอมเมนท์

คอมเมนท์ทรัพยากรรายการนี้
  คอมเมนท์: เทคนิคและทักษะเกม..


 Copyright 2026. Bcnsprnw @Library